KISS Albums - Statistics

General Stats
  • This quiz has been taken 464 times
  • The average score is 19 of 27
Answer Stats
Answer % Correct
KISS
97%
Destroyer
91%
Alive
85%
Love Gun
85%
Dressed to Kill
84%
Lick It Up
83%
Creatures of the Night
82%
Dynasty
82%
Hotter Than Hell
82%
Alive II
81%
Animalize
80%
Unmasked
80%
Psycho Circus
77%
Rock and Roll Over
77%
Alive III
73%
Hot In the Shade
71%
Crazy Nights
70%
Revenge
70%
Monster
69%
Sonic Boom
66%
Asylum
61%
The Elder
60%
Carnival of Souls
54%
Alive IV
51%
Smashes, Thrashes and Hits
39%
Killers
34%
Unplugged
33%
No matching quizzes found
Score Distribution
Percent of People with Each Score
Percentile by Number Answered
Your Score History
You have not taken this quiz